Bước đầu khởi nghiệp : Hành động kiên trì sáng tạo = Just start : ake action, embrace uncertainty, create the future

Nội dung sách: Giảm thiểu rủi ro tài chính trong các quyết định; Thu hút những người cùng chí hướng tham gia dự án của bạn; Hiểu được lý do tại sao chuỗi “Hành động - Học hỏi - Xây dựng - Tiếp tục Hành động” sẽ dẫn đến thành công....

সম্পূর্ণ বিবরণ

সংরক্ষণ করুন:
গ্রন্থ-পঞ্জীর বিবরন
প্রধান লেখক: Schlesinger, Leonard A.
বিন্যাস: গ্রন্থ
ভাষা:Undetermined
প্রকাশিত: Thanh Hóa Nxb. Thanh Hóa 2015
বিষয়গুলি:
ট্যাগগুলো: ট্যাগ যুক্ত করুন
কোনো ট্যাগ নেই, প্রথমজন হিসাবে ট্যাগ করুন!
Thư viện lưu trữ: Trung tâm Học liệu Trường Đại học Cần Thơ
LEADER 01240nam a2200217Ia 4500
001 CTU_203466
008 210402s9999 xx 000 0 und d
020 |c 58000 
082 |a 658.409 
082 |b S342 
100 |a Schlesinger, Leonard A. 
245 0 |a Bước đầu khởi nghiệp : 
245 0 |b Hành động kiên trì sáng tạo = Just start : ake action, embrace uncertainty, create the future 
245 0 |c Leonard A.Schlesinger, Charles F.Kiefer, Paul B.Brow ; Trung Sơn (dịch) 
260 |a Thanh Hóa 
260 |b Nxb. Thanh Hóa 
260 |c 2015 
520 |a Nội dung sách: Giảm thiểu rủi ro tài chính trong các quyết định; Thu hút những người cùng chí hướng tham gia dự án của bạn; Hiểu được lý do tại sao chuỗi “Hành động - Học hỏi - Xây dựng - Tiếp tục Hành động” sẽ dẫn đến thành công. 
650 |a Giải quyết vấn đề,Khả năng sáng tạo trong kinh doanh,Thành công trong kinh doanh,Success in business,Creative ability in business,Problem solving 
904 |i Tuyến 
980 |a Trung tâm Học liệu Trường Đại học Cần Thơ